| 000 | 00706nam a22002057a 4500 | ||
|---|---|---|---|
| 003 | 0 | ||
| 005 | 20230824075903.0 | ||
| 008 | 230824b xxu||||| |||| 00| 0 eng d | ||
| 020 | _a978-971-9655-24-4 | ||
| 050 |
_aHF 5548.2 _b.Ab23 2023 |
||
| 100 | _aAbante, Marmelo V. | ||
| 245 |
_aAdvanced management information system (MIS) : for ITE, business, and allied programs _cMarmelo V. Abante |
||
| 260 |
_aManila _bMindshapers Co., Inc. _cc2023 |
||
| 300 |
_avi, 390 pages : _bill. ; _c26 cm. |
||
| 500 | _aBusiness--communication system. | ||
| 504 | _aIncludes bibliographical references. | ||
| 650 | _aBusiness--communication system. | ||
| 650 | _aBusiness--Data processing. | ||
| 942 |
_2lcc _cBK |
||
| 999 |
_c365195 _d365195 |
||